000 00561nam a2200181Ia 4500
003 GCL
008 140319s9999 xx 000 0 ara d
040 _aGCL /
_cGCL
082 0 4 _a225
_bع م
100 1 _aعبدالفتاح لاشين
245 1 0 _aمن اسرار التعبير فى القران صفاء الكلمة /
_cعبدالفتاح لاشين
260 _a[S.N] :
_bدار المريخ للنشر ،
_c1983
300 _a245 ص
490 _a
650 0 4 _aالقران - بلاغة
650 0 4 _aالقران - الفاظ
942 _2ddc
_cBK
999 _c52712
_d52712